Reviving revivals (Record no. 6338)

MARC details
000 -LEADER
fixed length control field 00620cam a2200217u 4500
001 - CONTROL NUMBER
control field 6460896
003 - CONTROL NUMBER IDENTIFIER
control field OSt
005 - DATE AND TIME OF LATEST TRANSACTION
control field 20190116175452.0
008 - FIXED-LENGTH DATA ELEMENTS--GENERAL INFORMATION
fixed length control field 830608s1943 wiuac 000 0 eng
010 ## - LIBRARY OF CONGRESS CONTROL NUMBER
LC control number 44025565
040 ## - CATALOGING SOURCE
Original cataloging agency DLC
Transcribing agency CarP
Modifying agency DLC
050 00 - LIBRARY OF CONGRESS CALL NUMBER
Classification number BV3770
Item number .F5
082 ## - DEWEY DECIMAL CLASSIFICATION NUMBER
Classification number 269.2
Item number F529r
100 1# - MAIN ENTRY--PERSONAL NAME
Personal name Fischer, Harold Arthur. [from old catalog]
245 10 - TITLE STATEMENT
Title Reviving revivals
260 ## - PUBLICATION, DISTRIBUTION, ETC.
Place of publication, distribution, etc. [Sheboygan, Wis.,
Name of publisher, distributor, etc. The Gospel print shop,
Date of publication, distribution, etc. 1943]
300 ## - PHYSICAL DESCRIPTION
Extent 4 p.l., 5-140 p.
Other physical details illus. (ports.)
Dimensions 21 cm.
650 #0 - SUBJECT ADDED ENTRY--TOPICAL TERM
Topical term or geographic name entry element Revivals
General subdivision History.
906 ## - LOCAL DATA ELEMENT F, LDF (RLIN)
a 0
b cbc
c premunv
d u
e ncip
f 19
g y-gencatlg
942 ## - ADDED ENTRY ELEMENTS (KOHA)
Source of classification or shelving scheme Dewey Decimal Classification
Koha item type Books
Holdings
Withdrawn status Lost status Source of classification or shelving scheme Damaged status Not for loan Collection code Home library Current library Shelving location Date acquired Cost, normal purchase price Total Checkouts Full call number Barcode Date last seen Price effective from Koha item type
    Dewey Decimal Classification     Non-fiction Harvest Mission College Harvest Mission College General Stacks 16.01.2019 250.00   269.2 F529r 007127 16.01.2019 16.01.2019 Books

OPAC Designed and Maintained by HMC Library Team.
Copyright © HMC Library,Greater Noida, UP.
For any Suggestions/Query Contact library via Email:libhmc@gmail.com